| 000 | 00927npm a2200217 i 4500 | ||
|---|---|---|---|
| 001 | 5319 | ||
| 003 | ES-MaACL | ||
| 005 | 20230909111558.0 | ||
| 007 | hzrazu bucu | ||
| 008 | 900503r19901724sp b 00010 spa d | ||
| 080 | _a262.136.12(46)"17" | ||
| 245 | 0 | 0 |
_aRelacion de Auto particular de Fee _b: [Microforma] : que celebro el Santo Tribunal de la Inquisicion de la Ciudad y Reyno de Granada, el Domingo 25 de Junio de este año de 1724 en el Convento de Religiosos Mercedarios Calcados. |
| 260 |
_aMadrid : _bAteneo Cientifico, Literario y Artistico, _c1990. |
||
| 300 |
_a1 microficha : _bnegativo. |
||
| 500 | _aPublicado originalmente: Madrid, Casa de Isidro Joseph Serrete (Librero), ca. 1724. | ||
| 501 | _aCon: Informes, autos y escritos varios sobre la Inquisicion. | ||
| 650 | 1 | 4 |
_aObras anteriores a 1800. _915661 |
| 852 |
_aES-MaACL _jMCF-36 _95436 |
||
| 942 |
_2udc _cMICROFORMA |
||
| 999 |
_c5319 _d5319 |
||